Simplified boron diffusion treatment for rubber wood (Record no. 48088)

MARC details
000 -LEADER
fixed length control field 00921nam a2200145Ia 4500
100 ## - MAIN ENTRY--AUTHOR NAME
Personal name Gnanaharan R
245 #0 - TITLE STATEMENT
Title Simplified boron diffusion treatment for rubber wood
260 ## - PUBLICATION, DISTRIBUTION, ETC. (IMPRINT)
Name of publisher International Journal of Wood Preservation
Year of publication 1982
300 ## - PHYSICAL DESCRIPTION
Number of Pages 169-171
520 ## - SUMMARY, ETC.
Summary, etc Susceptibility of rubber wood to fungal and insect attack limits its wider utilisation. Rubber wood is very permeable and it does not pose any problem for diffusion of chemicals into the wood. This study found that immersing 25 mm thick material in a 10;boric acid equivalent solution containing 0.5;sodium pentachlorophenoxide for 40 minutes gave adequate loading of chemicals even at ambient temperature of about 30 degree C. It was found that increasing the immersion time does not increase the loading of chemicals appreciably.
650 ## - SUBJECT ADDED ENTRY--TOPICAL TERM
Topical Term Boron diffusion
650 ## - SUBJECT ADDED ENTRY--TOPICAL TERM
Topical Term Rubberwood
942 ## - ADDED ENTRY ELEMENTS (KOHA)
Koha item type Bibliography RLWO
Holdings
Withdrawn status Lost status Damaged status Not for loan Home library Current library Date acquired Serial Enumeration / chronology Koha item type
      Bibliography RRII Library RRII Library 31/12/2021 Volume 2, Issue 4 Bibliography RLWO